A treatise on the valuation of property for the poor's rate (Record no. 113995)

MARC details
000 -LEADER
fixed length control field 00785cam a22002055a 4500
001 - CONTROL NUMBER
control field L156036
008 - FIXED-LENGTH DATA ELEMENTS--GENERAL INFORMATION
fixed length control field 120426s1834 xxk f 000 0 eng d
035 ## - SYSTEM CONTROL NUMBER
System control number (Sirsi) u156036
041 0# - LANGUAGE CODE
Language code of text/sound track or separate title eng
100 1# - MAIN ENTRY--PERSONAL NAME
Personal name Bayldon, J. S.
245 02 - TITLE STATEMENT
Title A treatise on the valuation of property for the poor's rate
Remainder of title showing the method of rating ... with an abstract of the poor laws relating to rates and appeals
250 ## - EDITION STATEMENT
Edition statement Second edition, corrected and enlarged
260 ## - PUBLICATION, DISTRIBUTION, ETC.
Place of publication, distribution, etc. London
Name of publisher, distributor, etc. Printed for Longman, Rees, Orme, Brown, Green, & Longman, Paternoster-Row
Date of publication, distribution, etc. 1834
300 ## - PHYSICAL DESCRIPTION
Extent vi, [2], 237, [1], 16 p.
Dimensions 8o
583 ## - ACTION NOTE
Action Condition reviewed
Time/date of action 20120620
Status condition level 4 and 4
651 #4 - SUBJECT ADDED ENTRY--GEOGRAPHIC NAME
Geographic name Great Britain
Chronological subdivision 1707-
690 ## - LOCAL SUBJECT ADDED ENTRY--TOPICAL TERM (OCLC, RLIN)
Topical term or geographic name as entry element Valuation
9 (RLIN) 6273
690 ## - LOCAL SUBJECT ADDED ENTRY--TOPICAL TERM (OCLC, RLIN)
Topical term or geographic name as entry element Finance and taxation
942 ## - ADDED ENTRY ELEMENTS (KOHA)
Suppress in OPAC 0
Holdings
Withdrawn status Lost status Damaged status Not for loan Home library Current library Shelving location Date acquired Total Checkouts Full call number Barcode Date last seen Copy number Price effective from Koha item type
        Historic collection Historic collection Historic collection 26/04/2012   PRICES QUARTO 1834 BAYLDON 30077887 20/08/2025 1 06/08/2019 Book
        Historic collection Historic collection Historic collection 25/07/2012   PRICES QUARTO 1834 BAYLDON 30077891 20/08/2025 2 06/08/2019 Book